Shakespeare's sonnets / (Record no. 285)
[ view plain ]
| 000 -LEADER | |
|---|---|
| fixed length control field | 00995cam a2200301 x 4500 |
| 001 - CONTROL NUMBER | |
| control field | 525159 |
| 005 - DATE AND TIME OF LATEST TRANSACTION | |
| control field | 20200421093825.0 |
| 008 - FIXED-LENGTH DATA ELEMENTS--GENERAL INFORMATION | |
| fixed length control field | 980415s1997 enkac w 0011p eng b |
| 015 ## - NATIONAL BIBLIOGRAPHY NUMBER | |
| National bibliography number | b97Y1917 |
| 020 ## - INTERNATIONAL STANDARD BOOK NUMBER | |
| International Standard Book Number | 017443474x |
| 020 10 - INTERNATIONAL STANDARD BOOK NUMBER | |
| International Standard Book Number | 017443474x |
| Terms of availability | m |
| 020 10 - INTERNATIONAL STANDARD BOOK NUMBER | |
| International Standard Book Number | 0174434731 |
| Terms of availability | v |
| -- | pbk |
| -- | £5.95 |
| 040 00 - CATALOGING SOURCE | |
| Original cataloging agency | BDS |
| 082 00 - DEWEY DECIMAL CLASSIFICATION NUMBER | |
| Classification number | 821.3 |
| Edition information | 21 |
| 100 10 - MAIN ENTRY--PERSONAL NAME | |
| Personal name | Shakespeare, William, |
| Dates associated with a name | 1564-1616. |
| 240 1# - UNIFORM TITLE | |
| Uniform title | Sonnets |
| 245 10 - TITLE STATEMENT | |
| Title | Shakespeare's sonnets / |
| Statement of responsibility, etc. | edited by Katherine Duncan-Jones |
| 260 ## - PUBLICATION, DISTRIBUTION, ETC. | |
| Place of publication, distribution, etc. | London : |
| Name of publisher, distributor, etc. | Arden Shakespeare, |
| Date of publication, distribution, etc. | 1997. |
| 300 ## - PHYSICAL DESCRIPTION | |
| Extent | xvii, 485p |
| Other physical details | ill., port., facsims. |
| Dimensions | 21cm. |
| 490 1# - SERIES STATEMENT | |
| Series statement | The Arden Shakespeare. Third series |
| 504 ## - BIBLIOGRAPHY, ETC. NOTE | |
| Bibliography, etc. note | Bibliography: p469-476. Includes index. |
| 600 10 - SUBJECT ADDED ENTRY--PERSONAL NAME | |
| Personal name | Shakespeare, William, |
| Dates associated with a name | 1564-1616. |
| Title of a work | Sonnets. |
| 9 (RLIN) | 963 |
| 650 #0 - SUBJECT ADDED ENTRY--TOPICAL TERM | |
| Topical term or geographic name entry element | Sonnets, English. |
| 9 (RLIN) | 964 |
| 650 #0 - SUBJECT ADDED ENTRY--TOPICAL TERM | |
| Topical term or geographic name entry element | Sonnets, English |
| General subdivision | History and criticism. |
| 9 (RLIN) | 965 |
| 700 11 - ADDED ENTRY--PERSONAL NAME | |
| Personal name | Duncan-Jones, Katherine. |
| 9 (RLIN) | 1549 |
| 800 1# - SERIES ADDED ENTRY--PERSONAL NAME | |
| Personal name | Shakespeare, William, |
| Dates associated with a name | 1564-1616. |
| Title of a work | Works. |
| Date of a work | 1995. |
| 9 (RLIN) | 966 |
| 942 ## - ADDED ENTRY ELEMENTS (KOHA) | |
| Source of classification or shelving scheme | Dewey Decimal Classification |
| Koha item type | Books |
| Withdrawn status | Lost status | Damaged status | Not for loan | Collection | Home library | Current library | Shelving location | Date acquired | Barcode | Date last seen | Price effective from | Koha item type |
|---|---|---|---|---|---|---|---|---|---|---|---|---|
| Reference | Fairview | Fairview | General stacks | 09/04/2014 | 39999000012477 | 09/04/2014 | 09/04/2014 | Books | ||||
| Reference | Fairview | Fairview | General stacks | 09/04/2014 | 39999000012491 | 09/04/2014 | 09/04/2014 | Books | ||||
| Reference | Midway | Midway | General stacks | 09/04/2014 | 39999000012453 | 09/04/2014 | 09/04/2014 | Books |